000 00258nam a2200097Ia 4500
001 689791
005 20250826161804.0
008 250824s9999 xx 000 0 und d
245 0 _aAMAK-I HAYAL
_cFİLİBELLİ AHMET HİLMİ
260 _bANTİK DÜNYA KLASİKLERİ
999 _c689791
_d689791